01435nam a2200337Ia 4500001001000000003000500010008004100015010001100056040000900067090001800076100003900094245015400133260003400287300002100321502010300342650002600445650004100471700004500512700005600557700005200613710005800665901001800723902000600741905006300747910000900810942000900819942001200828999001900840952012000859952011800979Para_9858CHAP220125s2010 xx 000 0 und d a208534 cCHAP aPA CD-TESIS 4 aEspinosa Vásquez, Gonzalo938012 aMercado de Insecticidas Granulados en la zona Centro, Ocidente, Sur y Golfo de México /c Gonzalo Espinosa Vásquez; Director Marcelo Acosta Ramo aChapingo, Méx. :b el autor a1 CD ROM (76 p.) aTesis (Ing. Agr. Esp. en Parasitología Agrícola). UACh.Departamento Parasitología Agrícola aInsecticidas 958855 aPesticidas x Investigación987560 aAcosta Ramo, Marcelo , Director 9174963 aCabrera Hidalgo, Anselmo de Jesús, Asesor9174964 aSolís Aguilar, Juan Fernando, Asesor 9174965 aUACh. Departamento Parasitología Agrícola9164025 aPA CD-TESIS 4 aM a5232202010 an 8000000300 06 a2010 cPARA cPARAd2 c208534d208534 00102local4051708TESISaPAbPAc10d2013-07-03fPARAl0pPA_09972-2r2022-01-25 00:00:00t2w2022-01-25yTDz3 00102local4051708TESISaPAbPAc10d2013-06-14fPARAl0pPA_09972r2022-01-25 00:00:00t1w2022-01-25yTDz3